[Event "36th European Club Cup 2021"]
[Site "Struga"]
[Date "2021.09.21"]
[Round "4.28"]
[White "Thybo, Jesper Sondergaard"]
[Black "Kanyamarala, Trisha"]
[Result "1-0"]
[WhiteElo "2587"]
[BlackElo "2093"]
[Annotator "ChessBase"]
[PlyCount "65"]
[EventDate "2021.09.18"]
[EventType "team-tourn"]
[EventCountry "MKD"]
[SourceTitle "playchess.com"]
[Source "ChessBase"]
[SourceQuality "1"]
[TimeControl "40/5400+30:1800+30"]

1. Nf3 {[%emt 0:00:13]} d5 {[%emt 0:00:25]} 2. g3 {[%emt 0:00:30]} Nd7 {
[%emt 0:01:17]} 3. d4 {[%emt 0:00:33]} Nb6 {[%emt 0:01:52]} 4. Nc3 {[%emt 0:00:
28]} Nf6 {[%emt 0:02:53]} 5. Bg2 {[%emt 0:00:59]} h6 {[%emt 0:05:05]} 6. a4 {
[%emt 0:02:19]} a5 {[%emt 0:10:23]} 7. b3 {[%emt 0:01:25]} e6 {[%emt 0:05:40]}
8. O-O {[%emt 0:03:52]} Bd6 {[%emt 0:06:53]} 9. Nb5 {[%emt 0:02:51]} O-O {
[%emt 0:05:06]} 10. Qd3 {[%emt 0:02:00]} Bd7 {[%emt 0:04:12]} 11. c4 {[%emt 0:
06:38]} Bxb5 {[%emt 0:05:41]} 12. axb5 {[%emt 0:00:38]} Be7 {[%emt 0:06:42]}
13. Bd2 {[%emt 0:06:56]} Bb4 {[%emt 0:11:26]} 14. Bxb4 {[%emt 0:02:18]} axb4 {
[%emt 0:00:06]} 15. c5 {[%emt 0:00:21]} Nbd7 {[%emt 0:00:21]} 16. Qd2 {[%emt 0:
04:25]} Qe7 {[%emt 0:02:20]} 17. Qf4 {[%emt 0:00:25]} e5 {[%emt 0:05:53]} 18.
Nxe5 {[%emt 0:01:42]} Nxe5 {[%emt 0:00:38]} 19. dxe5 {[%emt 0:00:36]} Nd7 {
[%emt 0:12:39]} 20. e6 {[%emt 0:08:13]} Nxc5 {[%emt 0:05:00]} 21. exf7+ {
[%emt 0:02:18]} Qxf7 {[%emt 0:00:27]} 22. Qxf7+ {[%emt 0:01:30]} Kxf7 {[%emt 0:
00:06]} 23. Bxd5+ {[%emt 0:00:16]} Ke7 {[%emt 0:00:14]} 24. Rac1 {[%emt 0:00:
41]} Nd7 {[%emt 0:04:53]} 25. Rfd1 {[%emt 0:05:24]} c6 {[%emt 0:02:13]} 26.
bxc6 {[%emt 0:00:13]} bxc6 {[%emt 0:00:07]} 27. Bxc6 {[%emt 0:00:56]} Ra7 {
[%emt 0:00:23]} 28. Bxd7 {[%emt 0:00:07]} Rxd7 {[%emt 0:00:04]} 29. Rxd7+ {
[%emt 0:00:03]} Kxd7 {[%emt 0:00:09]} 30. Rc4 {[%emt 0:00:07]} Rb8 {[%emt 0:00:
10]} 31. f4 {[%emt 0:00:17]} Kd6 {[%emt 0:00:11]} 32. Kf2 {[%emt 0:00:17]} Rb7
{[%emt 0:00:15]} 33. e4 {[%emt 0:00:26]} 1-0

[Event "36th European Club Cup 2021"]
[Site "Struga"]
[Date "2021.09.21"]
[Round "4.29"]
[White "Pein, Jonathan"]
[Black "Rozentalis, Eduardas"]
[Result "0-1"]
[WhiteElo "2254"]
[BlackElo "2509"]
[Annotator "TA"]
[PlyCount "148"]
[EventDate "2021.09.18"]
[EventType "team-tourn"]
[EventCountry "MKD"]
[SourceTitle "playchess.com"]
[Source "ChessBase"]
[SourceQuality "1"]

{[%evp 23,148,9,26,7,7,0,0,0,8,0,0,0,0,-31,0,0,0,0,0,-30,0,0,-5,-43,-14,-32,
-18,-30,0,-92,-40,-40,-27,-47,-38,-46,-55,-40,-45,-61,-11,-11,-11,-27,-21,-21,
-7,-8,-10,-17,-17,-51,-51,-58,-44,-49,-37,-87,-15,-163,-156,-151,-158,-158,
-155,-154,-158,-128,-131,-133,-137,-129,-94,-94,-94,-94,-94,-94,-33,-83,-33,
-33,-33,-70,-33,-33,-34,-36,-33,-59,-59,-59,-59,-59,-59,-59,-59,-59,-59,-67,
-10,-73,-8,-8,-8,-8,-8,-8,-8,-8,-8,-8,-8,-8,-8,-8,-8,-8,-8,-8,-8,-29983,-29984,
-29984,-29985,-29985,-112]} 1. e4 e6 2. d4 d5 3. Nd2 c5 4. exd5 exd5 5. Bb5+
Bd7 6. Bxd7+ Nxd7 7. Ngf3 Ngf6 8. O-O Be7 9. dxc5 Nxc5 10. Re1 O-O 11. Nf1 Re8
12. Be3 a5 13. Bd4 {C08: French Tarrasch: 3...c5 4 exd5 exd5 sidelines.} Ne6
14. c3 Nxd4 15. Nxd4 {[#] The position is equal.} a4 $146 ({Predecessor:} 15...
Qb6 16. Qb3 Bc5 17. Qxb6 Bxb6 18. Nc2 Ng4 19. Nfe3 Nxe3 20. Nxe3 Bxe3 21. Rxe3
Kf8 {1/2-1/2 (31) Anka,E (2487)-Brynell,S (2488) Stockholm 1999}) 16. Rc1 Qb6
17. Rc2 Bc5 18. Rce2 Re4 {[%cal Rc5d4]} 19. Ng3 Rxe2 20. Rxe2 g6 21. Qd2 a3 22.
b3 Rc8 23. h3 Bf8 24. Re1 Qc5 25. Rc1 Bg7 26. c4 {[#]} (26. Qd3 $11) 26... Qb6
(26... Bh6 $1 $17 {[%cal Rh6d2]} 27. Qxh6 Qxd4) 27. Nb5 dxc4 28. Nxa3 Rd8 29.
Nxc4 Rxd2 30. Nxb6 Rxa2 31. Rc7 Bf8 32. Nd7 Ra1+ 33. Kh2 Nxd7 34. Rxd7 $11 {
[%mdl 4096] Endgame KRB-KRN} b5 35. Ne4 Re1 36. Nc3 b4 37. Nd5 Bc5 38. Rb7 Kg7
39. Nxb4 Bxf2 40. Nc6 {[#]} Kf6 (40... Bg1+ $1 $17 41. Kg3 Kf6) 41. Rd7 {[#]} (
41. g4 $11) 41... Bg1+ $1 $19 42. Kh1 Be3+ 43. Kh2 Bf4+ 44. g3 Re2+ 45. Kg1
Bxg3 46. b4 h5 47. b5 Rb2 {And now ...Kg5 would win.} 48. Nd8 Rxb5 49. Rxf7+
Kg5 50. Kg2 Bh4 (50... Kh4 $17 {aiming for ...Rb2+.} 51. Rb7 Rxb7 52. Nxb7 Bc7)
51. Ne6+ $15 Kh6 52. Rf8 {[%cal Rf8h8]} g5 53. Rf6+ Kh7 54. Nd4 Rb2+ 55. Kg1
Kg7 56. Rf3 Kg6 57. Nf5 Be1 58. Ne7+ Kg7 59. Nf5+ Kh7 60. Ng3 Kg6 61. Ne4 Bh4 (
{Black should play} 61... Rb6 $15 62. Rd3 Rb4) 62. Nf2 (62. Rf6+ $11 {remains
equal.} Kg7 63. Ra6) 62... Rxf2 (62... Rb8 $17 63. Ne4 Rb4) 63. Rxf2 $11 Bxf2+
64. Kxf2 $17 {KPP-KP} Kf6 65. Ke2 Ke6 {Hoping for ...Kf5.} (65... h4 {seems
wilder.} 66. Kf2 Ke5 67. Ke2 Ke4 68. Kf2 Kf4) 66. Kd2 Kf5 (66... Kf7 {feels
hotter.} 67. Ke3 Kg7 68. Kf2 Kh8 69. Kf3 Kg8) 67. Ke3 Ke5 {...Ke6 is the
strong threat.} (67... h4 $5) 68. Kf3 $1 Kd4 (68... Ke6 $5 69. Ke2 $8 h4 $11)
69. Kf2 $1 Ke4 70. Ke2 $1 Kf4 {( -> ...Kg3)} 71. Kf2 $1 h4 72. Kg2 $2 {[%mdl
8192]} (72. Ke2 $11) 72... Ke3 {Black mates.} 73. Kg1 Kf3 74. Kh2 Kf2 {
Weighted Error Value: White=0.18/Black=0.11} 0-1

[Event "36th European Club Cup 2021"]
[Site "Struga"]
[Date "2021.09.21"]
[Round "4.30"]
[White "Chatalbashev, Boris"]
[Black "Carroll, Peter"]
[Result "1-0"]
[WhiteElo "2530"]
[BlackElo "2059"]
[Annotator "ChessBase"]
[PlyCount "75"]
[EventDate "2021.09.18"]
[EventType "team-tourn"]
[EventCountry "MKD"]
[SourceTitle "playchess.com"]
[Source "ChessBase"]
[SourceQuality "1"]
[TimeControl "40/5400+30:1800+30"]

1. d4 {[%emt 0:00:03]} Nf6 {[%emt 0:00:48]} 2. Nf3 {[%emt 0:00:07]} e6 {
[%emt 0:00:04]} 3. c4 {[%emt 0:00:09]} b6 {[%emt 0:00:03]} 4. Nc3 {[%emt 0:00:
40]} Bb4 {[%emt 0:00:36]} 5. e3 {[%emt 0:00:07]} Bb7 {[%emt 0:00:04]} 6. Bd3 {
[%emt 0:00:05]} O-O {[%emt 0:00:56]} 7. O-O {[%emt 0:00:07]} c5 {[%emt 0:00:03]
} 8. Bd2 {[%emt 0:01:18]} cxd4 {[%emt 0:00:31]} 9. exd4 {[%emt 0:00:18]} d5 {
[%emt 0:00:45]} 10. cxd5 {[%emt 0:01:36]} Nxd5 {[%emt 0:04:50]} 11. Re1 {
[%emt 0:12:07]} Nd7 {[%emt 0:02:38]} 12. Rc1 {[%emt 0:00:48]} Rc8 {[%emt 0:03:
01]} 13. h4 {[%emt 0:11:02]} Nxc3 {[%emt 0:22:48]} 14. bxc3 {[%emt 0:00:17]}
Ba3 {[%emt 0:00:13]} 15. Rb1 {[%emt 0:01:33]} Bd5 {[%emt 0:03:25]} 16. c4 {
[%emt 0:02:09]} Bxf3 {[%emt 0:02:46]} 17. Qxf3 {[%emt 0:00:08]} Qxh4 {[%emt 0:
00:51]} 18. Rb5 {[%emt 0:21:26]} Qf6 {[%emt 0:04:44]} 19. Qg3 {[%emt 0:12:17]}
g6 {[%emt 0:05:53]} 20. Re4 {[%emt 0:00:26]} Rfe8 {[%emt 0:00:58]} 21. c5 {
[%emt 0:07:08]} bxc5 {[%emt 0:02:25]} 22. Rb7 {[%emt 0:00:05]} c4 {[%emt 0:06:
08]} 23. Bc2 {[%emt 0:00:41]} Qe7 {[%emt 0:00:35]} 24. Rxd7 {[%emt 0:05:32]}
Qxd7 {[%emt 0:00:08]} 25. Qxa3 {[%emt 0:00:03]} f5 {[%emt 0:01:30]} 26. Ba4 {
[%emt 0:03:28]} Qb7 {[%emt 0:00:17]} 27. Re5 {[%emt 0:01:49]} Red8 {[%emt 0:02:
11]} 28. Bc3 {[%emt 0:03:16]} Kf7 {[%emt 0:02:34]} 29. Bb5 {[%emt 0:01:58]} a5
{[%emt 0:04:45]} 30. Qxa5 {[%emt 0:03:10]} Rd5 {[%emt 0:00:58]} 31. Qb4 {
[%emt 0:01:52]} Rb8 {[%emt 0:02:01]} 32. a4 {[%emt 0:00:13]} Rxe5 {[%emt 0:00:
12]} 33. dxe5 {[%emt 0:00:02]} Qd5 {[%emt 0:06:09]} 34. Qd6 {[%emt 0:00:36]}
Rb7 {[%emt 0:02:21]} 35. Bb4 {[%emt 0:03:17]} Qxd6 {[%emt 0:01:40]} 36. exd6 {
[%emt 0:00:11]} Rb8 {[%emt 0:00:41]} 37. d7 {[%emt 0:00:18]} g5 {[%emt 0:01:33]
} 38. Bxc4 {[%emt 0:01:03]} 1-0

[Event "36th European Club Cup 2021"]
[Site "Struga"]
[Date "2021.09.21"]
[Round "4.31"]
[White "Carlsen, Magnus"]
[Black "Llobell Cortell, Enrique"]
[Result "1-0"]
[WhiteElo "2855"]
[BlackElo "2392"]
[Annotator "TA"]
[PlyCount "67"]
[EventDate "2021.09.18"]
[EventType "team-tourn"]
[EventCountry "MKD"]
[SourceTitle "playchess.com"]
[Source "ChessBase"]
[SourceQuality "1"]

{[%evp 9,67,0,0,0,0,0,30,14,18,-12,34,22,25,25,52,47,59,57,68,51,51,49,62,63,
58,27,35,30,33,6,63,58,61,70,52,62,53,76,166,164,204,208,318,302,306,318,302,
305,323,307,310,316,314,295,305,265,384,399,383,388]} 1. e4 c5 2. Nf3 Nc6 3.
Bb5 d6 4. Bxc6+ bxc6 5. e5 dxe5 6. Nxe5 {B51: Sicilian: Moscow Variation (3
Bb5+) without 3...Bd7.} Qd5 7. Nf3 Bg4 {was the old line (7...Qe4+).} 8. Nc3 {
White has an edge.} Bxf3 9. gxf3 ({Much weaker is} 9. Nxd5 Bxd1 10. Nc7+ Kd7
$17) 9... Qe5+ (9... Qd7 {seems wilder.} 10. Ne4 e6 11. d3 Ne7 12. Be3 Nf5) 10.
Qe2 Qxe2+ 11. Kxe2 Nf6 12. d3 {[#]} e6 $146 ({Predecessor:} 12... e5 13. Ne4
Nd5 14. Bd2 Be7 15. Rhg1 Rg8 16. Ng5 h6 17. Ne4 O-O-O 18. Rg2 f5 {1-0 (43)
Visanescu,D (1802)-Bida,M (1952) Mureck 2008}) 13. Be3 Be7 14. Na4 Nd7 15. b3
O-O 16. Rag1 Kh8 17. d4 cxd4 18. Bxd4 f6 19. Rg4 Rfd8 (19... Kg8 $11) 20. Rd1
$14 Kg8 21. Be3 Kf7 22. Rc4 Ne5 23. Rxd8 Bxd8 {[#]} (23... Rxd8 $16 {was
necessary.} 24. Rh4 Ng6 25. Rxh7 Bd6) 24. Rb4 $1 $18 a5 25. Rb7+ Kg6 (25... Be7
$142 26. Nb6 Rd8) 26. Nc5 f5 27. Nxe6 Bf6 28. Nf4+ Kh6 29. Nd5+ Kg6 30. Ne7+
Bxe7 31. Rxe7 Kf6 32. Rc7 Ra6 (32... g5 $142 33. Rxh7 Re8) 33. Bd4 {[#] Hoping
for f4.} Ke6 34. Rxg7 {Weighted Error Value: White=0.03/Black=0.25} 1-0

[Event "36th European Club Cup 2021"]
[Site "Struga"]
[Date "2021.09.21"]
[Round "4.32"]
[White "Sos Andreu, Eric"]
[Black "Tari, Aryan"]
[Result "0-1"]
[WhiteElo "2355"]
[BlackElo "2642"]
[Annotator "TA"]
[PlyCount "56"]
[EventDate "2021.09.18"]
[EventType "team-tourn"]
[EventCountry "MKD"]
[SourceTitle "playchess.com"]
[Source "ChessBase"]
[SourceQuality "1"]

{[%evp 10,56,27,24,41,46,50,39,37,35,33,29,49,45,44,33,22,37,32,0,12,-30,-37,
-72,-56,-181,-172,-150,-107,-119,-111,-208,-203,-273,-230,-237,-239,-360,-335,
-740,-368,-638,-453,-445,-453,-29989,-29990,-29990,-997]} 1. d4 d5 2. c4 e6 3.
Nf3 Nf6 4. g3 Bd6 5. Bg2 O-O 6. O-O h6 {D02: 1 d4 d5 2 Nf3 sidelines,
including 2...Nf6 3 g3 and 2...Nf6 3 Bf4.} 7. b3 {[#]} b6 $146 ({Predecessor:} 
7... c6 8. Re1 Nbd7 9. Bb2 Ne4 10. Nbd2 Ndf6 11. Ne5 Bb4 12. Nxe4 Nxe4 13. Rf1
Nd2 {1-0 (46) Dias,J (1844)-Da Silva,J (1830) Pocos de Caldas 2018}) 8. Bb2 Bb7
{White is slightly better.} 9. Nc3 Re8 10. Rc1 a6 11. Nd2 Bf8 12. e4 c5 13.
exd5 {Threatens to win with dxc5.} cxd4 14. Nce4 Nxd5 $1 {Threatening ...Nb4.}
15. cxd5 exd5 16. Re1 Nc6 17. Nb1 dxe4 $19 18. Rxe4 Rc8 19. Nd2 Qd7 20. Nc4 (
20. Qh5 $17) 20... Bc5 21. Qh5 Nb4 22. Rxe8+ Rxe8 23. Bxb7 (23. Ne5 $142 Rxe5
24. Qxe5 Bxg2 25. Kxg2) 23... Qxb7 24. Rd1 {[#]} (24. Bxd4 Nd3 25. Bxc5 Nxc1
26. Be3) 24... Qe4 (24... Nd3 $142 $1 {[%mdl 512] And now ...Nxf2! would win.}
25. Ba3 (25. b4 Bxb4) 25... Bxa3 26. Nxa3 Re1+ 27. Rxe1 Nxe1) 25. Bxd4 (25. h3)
25... g6 {[%mdl 64] Zwischenzug} 26. Qxh6 {[%csl Gd4][%cal Rh6h8]} Bxd4 27. Nd6
{[#]} (27. Qf4 $19 Qxf4 28. gxf4) 27... Bxf2+ $1 {[%mdl 576] Decoy} 28. Kxf2
Qe2+ {[%mdl 64] Double Attack.  Weighted Error Value: White=0.81/Black=0.35}
0-1

[Event "36th European Club Cup 2021"]
[Site "Struga"]
[Date "2021.09.21"]
[Round "4.33"]
[White "Christiansen, Johan-Sebastian"]
[Black "Pallardo Lozoya, Jose Vicente"]
[Result "1-0"]
[WhiteElo "2609"]
[BlackElo "2357"]
[Annotator "TA"]
[PlyCount "81"]
[EventDate "2021.09.18"]
[EventType "team-tourn"]
[EventCountry "MKD"]
[SourceTitle "playchess.com"]
[Source "ChessBase"]
[SourceQuality "1"]

{[%evp 9,81,18,26,25,16,21,21,13,27,20,35,13,30,5,11,-20,-8,-17,2,-49,-25,-22,
-21,-30,0,-17,-5,-52,-16,-12,10,-21,-10,-43,-29,-41,-33,-38,-45,-56,-53,-64,
-20,-22,0,0,0,0,0,0,9,-127,-120,-115,-112,-122,-132,-505,-477,-480,-461,-751,
-720,-1347,-1299,-1760,-1416,-1404,-1368,-1182,29978,29973,29980,29981]} 1. e4
c6 2. d4 d5 3. e5 Bf5 4. g4 Bd7 5. Nc3 e6 6. Be3 {B12: Caro-Kann: Advance
Variation.} Qb6 7. Na4 Qc7 8. f4 {The position is equal.} b6 9. Nf3 h5 10. gxh5
Rxh5 {[#]} 11. Bf2 $146 ({Predecessor:} 11. Ng5 g6 12. Bd3 c5 13. Nxf7 Rh3 14.
Bxg6 Rxe3+ 15. Kf2 cxd4 16. Qxd4 Ne7 17. Nd6+ {0-1 (33) Wolf,S (2040)-Winkler,
G (2110) Germany 1992}) 11... Rh8 12. Qd2 Nh6 13. Nc3 c5 14. Nd1 ({White
should play} 14. Bh3 $11) 14... cxd4 15. Nxd4 Nc6 16. c3 a6 17. Be2 Be7 18. Rg1
g6 19. Ne3 b5 20. a3 Rc8 21. Bd3 Nxd4 22. cxd4 Qb6 23. Kf1 a5 24. Kg2 Kf8 (
24... Qxd4 $6 {[#]} 25. Nc4 $1 $11) 25. Kh1 Kg7 26. Rg2 b4 27. f5 exf5 28. Nxd5
Qe6 29. Nf4 ({Resist} 29. Nxe7 $6 Qxe7 30. d5 Ng4 $14) 29... Qb3 30. e6 (30. d5
$1 $11 Ng4 31. Bd4) 30... Bc6 31. d5 Bxd5 {[%mdl 64] Double Attack} 32. Bd4+ f6
{Threatens to win with ...Ng4.} (32... Bf6 $2 33. Nh5+ Kf8 34. Bxf6 $18 (34.
Nxf6 Bxg2+ 35. Kxg2 Qxe6 $18)) 33. Kg1 $2 {[%mdl 8192]} (33. Bxf5 $17 Nxf5 34.
Nxd5 Ng3+ 35. Rxg3 (35. Kg1 $2 Ne4 $19) 35... Qxd5+ 36. Rg2) 33... Bxg2 $19 34.
Qxg2 Ng4 {White must now prevent ...Rcd8.} 35. h3 {[#]} (35. Qb7 $142 Rce8 36.
Rc1 Rxh2 37. Qd7) 35... Rcd8 $1 36. Qb7 (36. Bxf5 Rxd4) 36... Rxd4 37. Qxe7+
Kh6 38. hxg4 Rxf4 39. Qxf6 Rxg4+ $4 {[%mdl 8192]} (39... Re8 $19 40. gxf5 Rg8)
40. Kf2 Qd5 {[#]} 41. Rh1+ $1 {[%mdl 512] Quite a comeback for White. 
Weighted Error Value: White=0.65/Black=0.19} 1-0

[Event "36th European Club Cup 2021"]
[Site "Struga"]
[Date "2021.09.21"]
[Round "4.34"]
[White "Ibanez Aullana, Ramon"]
[Black "Urkedal, Frode Olav Olsen"]
[Result "0-1"]
[WhiteElo "2269"]
[BlackElo "2568"]
[Annotator "ChessBase"]
[PlyCount "80"]
[EventDate "2021.09.18"]
[EventType "team-tourn"]
[EventCountry "MKD"]
[SourceTitle "playchess.com"]
[Source "ChessBase"]
[SourceQuality "1"]
[TimeControl "40/5400+30:1800+30"]

1. Nf3 {[%emt 0:00:09]} d5 {[%emt 0:00:08]} 2. g3 {[%emt 0:00:10]} g6 {[%emt 0:
00:11]} 3. Bg2 {[%emt 0:00:33]} Bg7 {[%emt 0:00:06]} 4. d4 {[%emt 0:02:00]} Nf6
{[%emt 0:00:08]} 5. O-O {[%emt 0:00:52]} O-O {[%emt 0:00:06]} 6. c4 {[%emt 0:
00:13]} c6 {[%emt 0:00:16]} 7. cxd5 {[%emt 0:02:09]} cxd5 {[%emt 0:00:06]} 8.
Nc3 {[%emt 0:00:51]} Nc6 {[%emt 0:01:00]} 9. Ne5 {[%emt 0:00:30]} Bf5 {[%emt 0:
00:35]} 10. Nxc6 {[%emt 0:05:57]} bxc6 {[%emt 0:00:07]} 11. Na4 {[%emt 0:00:24]
} Nd7 {[%emt 0:01:09]} 12. Be3 {[%emt 0:01:34]} Qa5 {[%emt 0:03:43]} 13. b3 {
[%emt 0:03:45]} Rac8 {[%emt 0:00:27]} 14. Rc1 {[%emt 0:03:55]} Rfe8 {[%emt 0:
04:54]} 15. Qe1 {[%emt 0:01:02]} Qa6 {[%emt 0:05:40]} 16. Qd2 {[%emt 0:07:22]}
e5 {[%emt 0:05:47]} 17. Rfe1 {[%emt 0:05:36]} e4 {[%emt 0:03:37]} 18. Bh6 {
[%emt 0:05:30]} Bxh6 {[%emt 0:22:48]} 19. Qxh6 {[%emt 0:00:13]} Qa5 {[%emt 0:
01:17]} 20. Qe3 {[%emt 0:01:50]} h5 {[%emt 0:00:38]} 21. Qc3 {[%emt 0:12:18]}
Qd8 {[%emt 0:02:11]} 22. Qe3 {[%emt 0:00:33]} Kg7 {[%emt 0:09:30]} 23. h3 {
[%emt 0:01:58]} Qf6 {[%emt 0:01:53]} 24. Nc5 {[%emt 0:04:09]} Nf8 {[%emt 0:00:
07]} 25. Rc3 {[%emt 0:03:11]} g5 {[%emt 0:00:05]} 26. b4 {[%emt 0:07:01]} Ng6 {
[%emt 0:00:22]} 27. Nb3 {[%emt 0:00:38]} Bd7 {[%emt 0:02:03]} 28. Nc5 {[%emt 0:
03:23]} Bf5 {[%emt 0:01:05]} 29. Nb3 {[%emt 0:00:37]} h4 {[%emt 0:00:07]} 30.
Rec1 {[%emt 0:03:57]} g4 {[%emt 0:10:22]} 31. gxh4 {[%emt 0:04:04]} gxh3 {
[%emt 0:00:38]} 32. Bf1 {[%emt 0:07:53]} Qxh4 {[%emt 0:05:17]} 33. Rxc6 {
[%emt 0:05:32]} Rxc6 {[%emt 0:04:56]} 34. Rxc6 {[%emt 0:00:01]} h2+ {[%emt 0:
00:46]} 35. Kh1 {[%emt 0:00:10]} Rh8 {[%emt 0:00:29]} 36. Qg3 {[%emt 0:01:12]}
Qe7 {[%emt 0:09:25]} 37. b5 {[%emt 0:03:44]} e3 {[%emt 0:01:08]} 38. f3 {
[%emt 0:01:34]} Qh4 {[%emt 0:00:35]} 39. Qg2 {[%emt 0:02:31]} Qf4 {[%emt 0:01:
15]} 40. Nc5 {[%emt 0:00:00]} Rh6 {[%emt 0:05:33]} 0-1

[Event "36th European Club Cup 2021"]
[Site "Struga"]
[Date "2021.09.21"]
[Round "4.35"]
[White "Haldorsen, Benjamin"]
[Black "Torres Sanchez, Jose"]
[Result "0-1"]
[WhiteElo "2465"]
[BlackElo "2271"]
[Annotator "ChessBase"]
[PlyCount "64"]
[EventDate "2021.09.18"]
[EventType "team-tourn"]
[EventCountry "MKD"]
[SourceTitle "playchess.com"]
[Source "ChessBase"]
[SourceQuality "1"]
[TimeControl "40/5400+30:1800+30"]

1. e4 {[%emt 0:00:18]} c5 {[%emt 0:00:09]} 2. Nf3 {[%emt 0:00:20]} e6 {[%emt 0:
00:41]} 3. d4 {[%emt 0:00:38]} cxd4 {[%emt 0:00:09]} 4. Nxd4 {[%emt 0:00:05]}
a6 {[%emt 0:00:14]} 5. c4 {[%emt 0:01:06]} Nf6 {[%emt 0:01:02]} 6. Nc3 {
[%emt 0:00:10]} Qc7 {[%emt 0:01:09]} 7. Be2 {[%emt 0:00:17]} Nc6 {[%emt 0:06:
45]} 8. Nxc6 {[%emt 0:10:29]} bxc6 {[%emt 0:12:15]} 9. a3 {[%emt 0:07:37]} Bd6
{[%emt 0:07:09]} 10. Be3 {[%emt 0:03:26]} c5 {[%emt 0:02:05]} 11. Qd3 {[%emt 0:
14:38]} Bb7 {[%emt 0:06:19]} 12. g4 {[%emt 0:06:42]} h6 {[%emt 0:02:46]} 13. h4
{[%emt 0:01:55]} Be5 {[%emt 0:06:18]} 14. f3 {[%emt 0:00:47]} Rb8 {[%emt 0:18:
21]} 15. Rb1 {[%emt 0:09:07]} Rd8 {[%emt 0:04:40]} 16. Kf1 {[%emt 0:13:31]} d5
{[%emt 0:00:38]} 17. cxd5 {[%emt 0:00:50]} exd5 {[%emt 0:00:06]} 18. exd5 {
[%emt 0:01:06]} Nxd5 {[%emt 0:00:21]} 19. Nxd5 {[%emt 0:01:56]} Rxd5 {[%emt 0:
00:12]} 20. Qc2 {[%emt 0:00:08]} O-O {[%emt 0:03:39]} 21. b4 {[%emt 0:00:39]}
Bd4 {[%emt 0:00:34]} 22. Bxd4 {[%emt 0:06:08]} Rxd4 {[%emt 0:00:06]} 23. bxc5 {
[%emt 0:00:06]} Rfd8 {[%emt 0:02:05]} 24. g5 {[%emt 0:05:15]} Rd2 {[%emt 0:11:
13]} 25. Qc3 {[%emt 0:00:06]} h5 {[%emt 0:02:18]} 26. Qe3 {[%emt 0:03:39]} Bc6
{[%emt 0:00:55]} 27. g6 {[%emt 0:06:08]} fxg6 {[%emt 0:00:20]} 28. Rb6 {
[%emt 0:01:34]} Qd7 {[%emt 0:02:13]} 29. Rh2 {[%emt 0:01:25]} Kh7 {[%emt 0:00:
50]} 30. Rg2 {[%emt 0:00:59]} Re8 {[%emt 0:00:59]} 31. Qg5 {[%emt 0:01:29]}
Rd1+ {[%emt 0:00:09]} 32. Kf2 {[%emt 0:00:51]} Rxe2+ {[%emt 0:00:06]} 0-1

[Event "36th European Club Cup 2021"]
[Site "Struga"]
[Date "2021.09.21"]
[Round "4.36"]
[White "Gimeno Higueras, Roberto"]
[Black "Ranaldi, Lucas"]
[Result "0-1"]
[WhiteElo "2214"]
[BlackElo "2325"]
[Annotator "NA"]
[PlyCount "52"]
[EventDate "2021.09.18"]
[EventType "team-tourn"]
[EventCountry "MKD"]
[SourceTitle "playchess.com"]
[Source "ChessBase"]
[SourceQuality "1"]
[TimeControl "40/5400+30:1800+30"]

1. e4 {[%emt 0:00:11]} c6 {[%emt 0:00:08]} 2. Nc3 {[%emt 0:00:41]} d5 {[%emt 0:
00:12]} 3. Nf3 {[%emt 0:00:19]} Bg4 {[%emt 0:01:35]} 4. h3 {[%emt 0:00:37]}
Bxf3 {[%emt 0:00:07]} 5. Qxf3 {[%emt 0:00:08]} Nf6 {[%emt 0:00:07]} 6. d3 {
[%emt 0:03:04]} e6 {[%emt 0:00:34]} 7. Bd2 {[%emt 0:02:01]} Qb6 {[%emt 0:02:15]
} 8. O-O-O {[%emt 0:06:35]} d4 {[%emt 0:00:38]} 9. Ne2 {[%emt 0:01:44]} Na6 {
[%emt 0:00:22]} 10. Qf4 {[%emt 0:09:57]} Bc5 {[%emt 0:25:49]} 11. g4 {[%emt 0:
08:09]} Nc7 {[%emt 0:07:44]} 12. Qg5 {[%emt 0:11:37]} O-O {[%emt 0:05:57]} 13.
Bf4 {[%emt 0:19:56]} Nd7 {[%emt 0:10:37]} 14. Bxc7 {[%emt 0:07:48]} Qxc7 {
[%emt 0:00:09]} 15. f4 {[%emt 0:00:10]} a5 {[%emt 0:02:31]} 16. f5 {[%emt 0:01:
54]} a4 {[%emt 0:07:22]} 17. f6 {[%emt 0:01:05]} g6 {[%emt 0:00:21]} 18. Bg2 {
[%emt 0:03:50]} Rfd8 {[%emt 0:07:38]} 19. h4 {[%emt 0:03:42]} Ra5 {[%emt 0:09:
28]} 20. h5 {[%emt 0:08:44]} Be7 {[%emt 0:02:17]} 21. Qxa5 {[%emt 0:02:39]}
Qxa5 {[%emt 0:00:12]} 22. fxe7 {[%emt 0:00:01]} Qg5+ {[%emt 0:00:41]} 23. Kb1 {
[%emt 0:00:04]} Qxe7 {[%emt 0:00:11]} 24. hxg6 {[%emt 0:00:03]} hxg6 {[%emt 0:
01:47]} 25. Nxd4 {[%emt 0:01:42]} Ne5 {[%emt 0:02:42]} 26. Ne2 {[%emt 0:02:04]}
Nxg4 {[%emt 0:00:36]} 0-1